History Quiz

Random History or Discovery Quiz

People Who Have Walked on the Moon Quiz Stats

Quiz not verified by Sporcle

Challenge
Share
Tweet
Embed
Score 0/12 Timer 03:00
0 Plays Today
Mission Astronaut % Correct
Apollo 11Neil Armstrong
98.7%
Apollo 11Buzz Aldrin
90.7%
Apollo 14Alan Shepard
58.7%
Apollo 17Eugene Cernan
54.7%
Apollo 12Alan Bean
52%
Apollo 12Charles Conrad
50.7%
Apollo 16John Young
46.7%
Apollo 17Harrison Schmitt
42.7%
Apollo 15David Scott
41.3%
Apollo 16Charles Duke
41.3%
Apollo 14Edgar Mitchell
38.7%
Apollo 15James Irwin
36%

You're not logged in!

Compare scores with friends on all Sporcle quizzes.
Join for Free
OR
Log In

You Might Also Like...

Show Comments

Extras

Top Quizzes Today


Score Distribution

Your Account Isn't Verified!

In order to create a playlist on Sporcle, you need to verify the email address you used during registration. Go to your Sporcle Settings to finish the process.

Report this User

Report this user for behavior that violates our Community Guidelines.

Details: